Analýza faktorov efektívnosti výroby a riadenia poľnohospodárskych podnikov za obdobie 1/1981 - 8/1985 záverečná správa čiastkovej úlohy ŠPEV 903 259 305-04
Salvato in:
| Natura: | Libro |
|---|---|
| Lingua: | slovacco |
| Pubblicazione: |
Bratislava
VŠE
1985
|
| Tags: |
Nessun Tag, puoi essere il primo ad aggiungerne!!
|
MARC
| LEADER | 00000nam a2200000 4500 | ||
|---|---|---|---|
| 001 | c034692 | ||
| 005 | 20260325101656.0 | ||
| 041 | 0 | |a slo | |
| 044 | |a SK | ||
| 245 | 1 | 0 | |a Analýza faktorov efektívnosti výroby a riadenia poľnohospodárskych podnikov za obdobie 1/1981 - 8/1985 |b záverečná správa čiastkovej úlohy ŠPEV 903 259 305-04 |
| 264 | 1 | |a Bratislava |b VŠE |c 1985 | |
| 300 | |a 28 s. | ||